Qui a remporté le plus de derbys / classiques ? - Statistiques

Statistiques générales
  • Ce quiz a été pris 69 fois
  • Le résultat moyen est 11 sur 15
Statistiques - réponses
Question Réponse % Correct
Bayern Munich vs Borussia Dortmund Bayern Munich
98%
Atletico Madrid vs Real Madrid Real Madrid
98%
Ajax Amsterdam vs Feyenoord Rotterdam Ajax Amsterdam
97%
AS Rome vs Lazio Rome AS Rome
97%
Arsenal vs Tottenham Arsenal
95%
AS Saint-Etienne vs Olympique Lyonnais Olympique Lyonnais
87%
Paris Saint-Germain vs Olympique de Marseille Paris Saint-Germain
87%
Juventus Turin vs Inter Milan Juventus Turin
81%
Arsenal vs Manchester United Manchester United
78%
Real Madrid vs FC Barcelone Real Madrid
70%
Manchester United vs Liverpool Manchester United
62%
Olympique de Marseille vs Olympique Lyonnais Olympique de Marseille
57%
Inter Milan vs AC Milan Inter Milan
29%
Celtic Glasgow vs Glasgow Rangers Glasgow Rangers
17%
Fenerbahce vs Galatasaray Fenerbahce
6%
Aucun quiz correspondant
Distribution des résultats
% des personnes avec chaque résultat
Percentile par nombre de réponses
Votre historique - résultats
Vous n’avez pas pris ce quiz